00379nam a2200157 a 4500008004100000020001500041050001400056100001500070245002500085246002000110250001200130260003400142350000900176650002300185650001300208120416s1998 ||||||||||||||||| || u a0333698878 aJA 81 Hey aHeywood, A10aPolitical ideologies aan introduction a2nd ed. aLondonbMacMillan Pressc1998 a0.00 aPOLITICAL IDEOLOGY aPOLITICS